<?xml version="1.0" encoding="UTF-8"?>
<record
    xmlns:xsi="http://www.w3.org/2001/XMLSchema-instance"
    xsi:schemaLocation="http://www.loc.gov/MARC21/slim http://www.loc.gov/standards/marcxml/schema/MARC21slim.xsd"
    xmlns="http://www.loc.gov/MARC21/slim">

  <leader>01234nam2a22002531  4500</leader>
  <controlfield tag="001">rc\4731214</controlfield>
  <controlfield tag="005">20250612164017.0</controlfield>
  <datafield tag="021" ind1=" " ind2=" ">
    <subfield code="a">RU</subfield>
    <subfield code="b">[63-85578]</subfield>
  </datafield>
  <datafield tag="035" ind1=" " ind2=" ">
    <subfield code="a">(NLR Aleph) 008732995</subfield>
  </datafield>
  <datafield tag="090" ind1=" " ind2=" ">
    <subfield code="a">9487574</subfield>
    <subfield code="c">9487574</subfield>
  </datafield>
  <datafield tag="100" ind1=" " ind2=" ">
    <subfield code="a">20130416d1963    |||y0rusy50      ca</subfield>
  </datafield>
  <datafield tag="101" ind1="0" ind2=" ">
    <subfield code="a">rus</subfield>
  </datafield>
  <datafield tag="102" ind1=" " ind2=" ">
    <subfield code="a">RU</subfield>
  </datafield>
  <datafield tag="105" ind1=" " ind2=" ">
    <subfield code="a">a   z   |||||</subfield>
  </datafield>
  <datafield tag="200" ind1="0" ind2=" ">
    <subfield code="a">&#x422;. 2</subfield>
    <subfield code="f">[&#x41F;&#x43E;&#x434;&#x433;&#x43E;&#x442;&#x43E;&#x432;&#x43A;&#x430; &#x442;&#x435;&#x43A;&#x441;&#x442;&#x430; &#x438; &#x43F;&#x440;&#x438;&#x43C;&#x435;&#x447;. &#x410;.&#x41D;. &#x414;&#x443;&#x431;&#x43E;&#x432;&#x438;&#x43A;&#x43E;&#x432;&#x430;</subfield>
  </datafield>
  <datafield tag="210" ind1=" " ind2=" ">
    <subfield code="d">1963</subfield>
    <subfield code="a">&#x411;. &#x43C;.</subfield>
  </datafield>
  <datafield tag="215" ind1=" " ind2=" ">
    <subfield code="a">791 &#x441;., 10 &#x43B;. &#x438;&#x43B;.</subfield>
  </datafield>
  <datafield tag="461" ind1=" " ind2="0">
    <subfield code="1">001rc\4731212</subfield>
    <subfield code="1">2001#$a&#x418;&#x437; &#x434;&#x430;&#x43B;&#x44C;&#x43D;&#x438;&#x445; &#x43B;&#x435;&#x442;$e&#x412;&#x43E;&#x441;&#x43F;&#x43E;&#x43C;&#x438;&#x43D;&#x430;&#x43D;&#x438;&#x44F;$f[&#x412;&#x441;&#x442;&#x443;&#x43F;. &#x441;&#x442;&#x430;&#x442;&#x44C;&#x44F;, &#x441;. 5-46, &#x43F;&#x43E;&#x434;&#x433;&#x43E;&#x442;&#x43E;&#x432;&#x43A;&#x430; &#x442;&#x435;&#x43A;&#x441;&#x442;&#x430; &#x438; &#x43F;&#x440;&#x438;&#x43C;&#x435;&#x447;. &#x410;.&#x41D;. &#x414;&#x443;&#x431;&#x43E;&#x432;&#x438;&#x43A;&#x43E;&#x432;&#x430;]. &#x422;. 1-$v&#x422;. 2</subfield>
    <subfield code="1">700#1$a&#x41F;&#x430;&#x441;&#x441;&#x435;&#x43A;$b&#x422;.&#x41F;.$f1810-1889$g&#x422;&#x430;&#x442;&#x44C;&#x44F;&#x43D;&#x430; &#x41F;&#x435;&#x442;&#x440;&#x43E;&#x432;&#x43D;&#x430;</subfield>
    <subfield code="9">9487564</subfield>
    <subfield code="a">&#x41F;&#x430;&#x441;&#x441;&#x435;&#x43A;, &#x422;.&#x41F;. (1810-1889)</subfield>
    <subfield code="c">[&#x41C;&#x43E;&#x441;&#x43A;&#x432;&#x430;]</subfield>
    <subfield code="d">1963</subfield>
    <subfield code="f">[&#x412;&#x441;&#x442;&#x443;&#x43F;. &#x441;&#x442;&#x430;&#x442;&#x44C;&#x44F;, &#x441;. 5-46, &#x43F;&#x43E;&#x434;&#x433;&#x43E;&#x442;&#x43E;&#x432;&#x43A;&#x430; &#x442;&#x435;&#x43A;&#x441;&#x442;&#x430; &#x438; &#x43F;&#x440;&#x438;&#x43C;&#x435;&#x447;. &#x410;.&#x41D;. &#x414;&#x443;&#x431;&#x43E;&#x432;&#x438;&#x43A;&#x43E;&#x432;&#x430;]. &#x422;. 1-</subfield>
    <subfield code="n">&#x413;&#x43E;&#x441;&#x43B;&#x438;&#x442;&#x438;&#x437;&#x434;&#x430;&#x442;</subfield>
    <subfield code="o">&#x412;&#x43E;&#x441;&#x43F;&#x43E;&#x43C;&#x438;&#x43D;&#x430;&#x43D;&#x438;&#x44F;</subfield>
    <subfield code="t">&#x418;&#x437; &#x434;&#x430;&#x43B;&#x44C;&#x43D;&#x438;&#x445; &#x43B;&#x435;&#x442;</subfield>
    <subfield code="v">&#x422;. 2</subfield>
  </datafield>
  <datafield tag="702" ind1=" " ind2="1">
    <subfield code="a">&#x414;&#x443;&#x431;&#x43E;&#x432;&#x438;&#x43A;&#x43E;&#x432;&#x430;</subfield>
    <subfield code="b">&#x410;.&#x41D;.</subfield>
    <subfield code="4">212</subfield>
  </datafield>
  <datafield tag="801" ind1=" " ind2="0">
    <subfield code="a">RU</subfield>
    <subfield code="b">NLR</subfield>
    <subfield code="g">psbo</subfield>
  </datafield>
  <datafield tag="801" ind1=" " ind2="1">
    <subfield code="a">RU</subfield>
    <subfield code="b">ELAR</subfield>
    <subfield code="2">rusmarc</subfield>
  </datafield>
  <datafield tag="852" ind1=" " ind2=" ">
    <subfield code="a">NLR</subfield>
    <subfield code="j">63-3/5212</subfield>
  </datafield>
  <datafield tag="942" ind1=" " ind2=" ">
    <subfield code="c">BOOK</subfield>
  </datafield>
  <datafield tag="980" ind1=" " ind2=" ">
    <subfield code="a">NB</subfield>
  </datafield>
  <datafield tag="995" ind1=" " ind2=" ">
    <subfield code="5">2013-10-26</subfield>
    <subfield code="b">NLR01</subfield>
    <subfield code="c">NLR01</subfield>
    <subfield code="e">RF31</subfield>
    <subfield code="f">1-291777</subfield>
    <subfield code="k">63-3/5212</subfield>
    <subfield code="o">0</subfield>
    <subfield code="r">BOOK</subfield>
    <subfield code="s">6335212_</subfield>
  </datafield>
  <datafield tag="995" ind1=" " ind2=" ">
    <subfield code="5">2014-02-28</subfield>
    <subfield code="a">az</subfield>
    <subfield code="b">NLR02</subfield>
    <subfield code="c">NLR02</subfield>
    <subfield code="e">NZ2</subfield>
    <subfield code="f">1-262136</subfield>
    <subfield code="k">&#x41D;&#x437;  &#x428;5(2=&#x420;)5/&#x41F;-194</subfield>
    <subfield code="o">0</subfield>
    <subfield code="p">30.00</subfield>
    <subfield code="r">BOOK</subfield>
    <subfield code="s">_525194</subfield>
  </datafield>
</record>
